| 000 | 01044nam a2200253 a 4500 | ||
|---|---|---|---|
| 001 | 38573 | ||
| 003 | BD-RjUL | ||
| 005 | 20211209052825.0 | ||
| 008 | 160116s2012 bg ||||| |||| 00| 0bben d | ||
| 020 |
_a9789849020837 _c: Tk. 300.00 |
||
| 035 | _a(BD-RjUL)38681 | ||
| 040 |
_aBD-RjUL _bben _cBD-RjUL |
||
| 041 | _aben | ||
| 082 |
_223 _a340.59 _bAMI 2012 |
||
| 100 |
_aআমের, আবদুল আযীয _9119057 |
||
| 245 | 1 | 0 |
_aইসলামী দন্ডবিধি / _b _cআবদুল আযীয আমের, অনুবাদ : শহীদুল হক |
| 260 |
_aঢাকা : _bবাংলাদেশ ইসলামিক ল' রিসার্চ এন্ড লিগ্যাল এইড সেন্টার, _c২০১২ |
||
| 300 |
_a খণ্ড ; _c২১ সেমি |
||
| 505 | _aখণ্ড ১ -- | ||
| 650 |
_aইসলামী আইন _9119058 |
||
| 650 |
_aIslamic law _9117834 |
||
| 700 |
_aহক, শহীদুল, অনুবাদক _9123013 |
||
| 942 |
_2ddc _cBK |
||
| 999 |
_c38573 _d38573 |
||